000 00542nam a22001817a 4500
005 20251108172731.0
008 250721s9999 xx 000 0 ara d
082 1 4 _a658.401/علي
100 1 _aعليوة، سيد
_eمؤلف
245 1 0 _aإعداد خطط العمل /
264 1 _aالمنصورة :
_bمكتبة جزيرة الورد،
_c[19-].
300 _a83ص.
650 1 7 _aإدارة الأعمال
650 1 7 _aالتخطيط التنظيمي
650 1 7 _aإدارة الأفراد
942 _2ddc
_cBK
999 _c87151
_d87151